永不低头 (Record no. 45826)

000 -LEADER
fixed length control field 00460nam a22001937a 4500
003 - CONTROL NUMBER IDENTIFIER
control field MPLRDC
005 - DATE AND TIME OF LATEST TRANSACTION
control field 20220104144036.0
008 - FIXED-LENGTH DATA ELEMENTS--GENERAL INFORMATION
fixed length control field 210129b ||||| |||| 00| 0 eng d
020 ## - INTERNATIONAL STANDARD BOOK NUMBER
International Standard Book Number 957-8942-50-8
082 ## - DEWEY DECIMAL CLASSIFICATION NUMBER
Classification number 220.1 QWFD
100 ## - MAIN ENTRY--PERSONAL NAME
Personal name 浅尾法灯
245 ## - TITLE STATEMENT
Title 永不低头
Statement of responsibility, etc. 江芬兰译
250 ## - EDITION STATEMENT
Edition statement 初版
260 ## - PUBLICATION, DISTRIBUTION, ETC.
Place of publication, distribution, etc.
Name of publisher, distributor, etc. 新苗文化
Date of publication, distribution, etc. 1996
300 ## - PHYSICAL DESCRIPTION
Other physical details
490 ## - SERIES STATEMENT
Series statement 智慧文库. 12
650 ## - SUBJECT ADDED ENTRY--TOPICAL TERM
Topical term or geographic name entry element 佛教教理
942 ## - ADDED ENTRY ELEMENTS (KOHA)
Koha item type Book
-- 220.1 QWFD
Holdings
Withdrawn status Lost status Source of classification or shelving scheme Damaged status Not for loan Collection code Home library Current library Shelving location Date acquired Cost, normal purchase price Total Checkouts Full call number Barcode Date last seen Date last checked out Price effective from Koha item type Public note
            Malaysian Public Library, Research and Development Centre Malaysian Public Library, Research and Development Centre   10/12/2007 17.60   220.1 QWFD 00045978 18/03/2021 27/10/2012 18/03/2021 Book mplrdc

© 2022. Malaysian Public Library, Research and Development Centre. All Right ReservedE-mailmplrdc@help.edu.my 

Powered by Koha